| 000 | 00472nam a22001457a 4500 | ||
|---|---|---|---|
| 005 | 20250522185211.0 | ||
| 008 | 250522b |||||||| |||| 00| 0 eng d | ||
| 020 | _a9780060916992 | ||
| 050 |
_aD 849 _bDRU |
||
| 100 | _aDRUCKER, PETER F. | ||
| 245 |
_aTHE NEW REALITIES _bIn Government and Politics/ In Economics and Business/ In society and World View _cPETER F. DRUCKER |
||
| 260 |
_aNEW YORK _bHARPER & ROW PUBLISHERS _cc1989 |
||
| 300 | _axi;, 276p;, | ||
| 942 |
_2lcc _cBK _n0 |
||
| 999 |
_c5923 _d5923 |
||